|
|
|
|
| LEADER |
00000nab a2200000 a 4500 |
| 001 |
vtls000518833 |
| 003 |
SK-MaSNL |
| 005 |
20260303223849.0 |
| 008 |
140228c1994 xo 0 slo |
| 015 |
|
|
|a SNBRB19rr/mm-uuuuu
|
| 035 |
|
|
|a CL0518971
|
| 040 |
|
|
|a SNKBUCL
|b slo
|c SNKBUCL
|e AACR2
|
| 041 |
0 |
|
|a slo
|
| 044 |
|
|
|a xo
|c SK
|
| 080 |
|
|
|a 658.15:681.3.06
|2 1981
|
| 080 |
|
|
|a 681.3.06
|2 1981
|
| 080 |
|
|
|a 519.688
|2 1981
|
| 100 |
1 |
|
|a Kesely, Ján
|4 aut
|9 982793
|
| 245 |
1 |
0 |
|a Software, problém - riešenie
|b Výpočtová technika a programové systémy 1
|c Ján Kesely
|
| 650 |
0 |
7 |
|a podniky
|2 snkbucl
|9 923
|
| 650 |
0 |
7 |
|a podnikové hospodárstvo
|2 snkbucl
|9 78209
|
| 650 |
0 |
7 |
|a výpočtová technika
|2 snkbucl
|9 1126
|
| 650 |
0 |
7 |
|a programové systémy
|2 snkbucl
|9 1872
|
| 655 |
|
7 |
|a články z novín a časopisov
|2 snkbucl
|9 267496
|
| 773 |
0 |
|
|t Hospodárske noviny
|g Č. 86 (5. 5. 1994), s. 5
|x 0862-9567
|
| 850 |
|
|
|a Slovenská národná knižnica v Martine
|a MTA001
|
| 852 |
|
|
|a SNK
|b KIS3GCP
|
| 958 |
|
|
|a RK
|
| 992 |
|
|
|a RBX
|
| 999 |
|
|
|c 2249595
|d 2251525
|